logo

Bir Sreshtho Munshi Abdur Rouf Library
Jhenaidah Cadet College

অমেরুদন্ডী প্রাণী / (Record no. 6633)

MARC details
000 -LEADER
fixed length control field 00698nam a2200217 a 4500
001 - CONTROL NUMBER
JCCL Control Number 6633
003 - CONTROL NUMBER IDENTIFIER
JCCL marc code BD-JhCC
005 - DATE AND TIME OF LATEST TRANSACTION
control field 20180218133452.0
008 - FIXED-LENGTH DATA ELEMENTS--GENERAL INFORMATION
fixed length control field 180127s1975 bg |||| |||| 000 0 ben d
035 ## - SYSTEM CONTROL NUMBER
system control number (BD-JhCC) 6633
040 ## - CATALOGING SOURCE
Original cataloging agency BD-JhCC
Modifying agency BD-JhCC
041 ## - LANGUAGE CODE
Language code of Book ben
082 ## - DEWEY DECIMAL CLASSIFICATION NUMBER
Author mark and Year RAH 1975
Classification number 592.01
100 ## - MAIN ENTRY--PERSONAL NAME
Personal name রহমান, মুস্তাফিজুর
245 ## - TITLE STATEMENT
Title অমেরুদন্ডী প্রাণী /
Remainder of title মুস্তাফিজুর রহমান
260 ## - PUBLICATION, DISTRIBUTION, ETC. (IMPRINT)
Place of publication, distribution, etc ঢাকা :
Name of publisher, distributor, etc বাংলা একাডেমী ,
Date of publication, distribution, etc ১৯৭৫.
300 ## - PHYSICAL DESCRIPTION
Pagination ৪০৯ পৃ :
Dimensions ২১ সেমি.
650 ## - SUBJECT ADDED ENTRY--TOPICAL TERM
Topical term or geographic name as entry element Invertabrates
942 ## - ADDED ENTRY ELEMENTS (KOHA)
Source of classification or shelving scheme Dewey Decimal Classification
Koha item type Books
Holdings
Source of classification or shelving scheme volume number Damaged status Not for loan Home library Current library Shelving location Cost, normal purchase price Total Checkouts Full call number Barcode Date last seen Copy number Koha item type Date of accession
Dewey Decimal Classification V-1     JCC Rouf Library JCC Rouf Library General Stacks 28.00   592.01 RAH 1975 9076 01/27/2018 C-1 Books  
Dewey Decimal Classification V-1     JCC Rouf Library JCC Rouf Library General Stacks 28.00   592.01 RAH 1975 10258 02/13/2018 C-2 Books 02/01/2018
Dewey Decimal Classification V-1     JCC Rouf Library JCC Rouf Library General Stacks 28.00   592.01 RAH 1975 10245 02/13/2018 C-3 Books 02/13/2018
Dewey Decimal Classification V-1     JCC Rouf Library JCC Rouf Library General Stacks 28.00   592.01 RAH 1975 8620 02/14/2018 C-4 Books 02/14/2018
Dewey Decimal Classification V-1     JCC Rouf Library JCC Rouf Library General Stacks 28.00   592.01 RAH 1975 10266 02/18/2018 C-5 Books 02/18/2018

JCC Library | Contacts | JCC Home

Last Update on 23 September 2017
Copyright @ 2017-2020 JCC Rouf Library
Rouf Library, Jhenidah Cadet College (JCC), Bangladesh